000 00263nam a22000977a 4500
008 221215b |||||||| |||| 00| 0 eng d
020 _a9789355614747
100 _aEducart
_97648
245 _aSocial Science Sample Paper-Class-10
260 _aNew Delhi
_bAggarwal
_c2022
999 _c12214
_d12214